LEADER 00803nam a2200193 i 4500 001 000000213015 003 CaOOAMICUS 005 20120507000000.0 008 120507s1808 it u000 u mul u 013 $a191865 026 $aE.S. e.p- e.nt aDno (3) 1808 (A) 040 $aSeMil$bita 245 10$aTome 2. 300 $a[4], 360 p. 500 $aSegn. : pigreco2 A-P12. 773 0 $aCicero, Marcus Tullius <106-43 a.C.>$tLettres de Ciceron a Atticus, avec des remarques et le texte latin de l'edition de Graevius; par l'abbé Mongault, ... Tome 1. [-4.].$bNouvelle édition, revue et corrigée.$dA Lyon : Chez Amable Leroy, 1808.$g2$w()26713 850 $aSeMil 852 $aSeMil$W1$xVenegono$y1$m1Y I 106 FA$j163445$B163445$CSeMilBibl$Z2$F174541 $8I 996 $6245$aTome 2$9(OLS)http://semarc/title/1533 LEADER 01138nam a2200241 4500 001 000000365702 003 CaOOAMICUS 005 20251211094631.0 008 251211s2007 gw 000 u ger r 040 $aSeMil$bita 100 1 $aCassirer, Ernst,$d<1874-1945>.$0(OLS)http://semarc/name/8941 245 10$aAufsätze und kleine Schriften (1941-1946) /$cErnst Cassirer ; Text und Anmerkungen bearbeitet von Claus Rosenkranz. 264 1$aDarmstadt :$bWissenschaftliche Buchgesellschaft,$c2007. 300 $aVII, 715 p., [1] carta di tav. :$bill. ;$c24 cm 490 1 $aGesammelte Werke / Ernst Cassirer ;$v22 700 1 $aRosenkranz, Claus.$0(OLS)http://semarc/name/123449 830 0$aGesammelte Werke / Ernst Cassirer ;$v22.$0(OLS)http://semarc/title/457327 850 $aSeMil 852 $aSeMil$W1$xVenegono$y1$m2LL II 17$j265266$B256511$CSeMilBibl$Z2$F256511 $81 961 $aBuzzi mons. Franco - Omaggio 996 $6245$aAufsätze und kleine Schriften (1941-1946)$9(OLS)http://semarc/title/457334 996 $6264$aDarmstadt :$bWissenschaftliche Buchgesellschaft$9(OLS)http://semarc/publisher/32002